| LEADER | 01266nam a2200205 a 4500 | ||
|---|---|---|---|
| 001 | GR-MES9542 | ||
| 008 | 051128s gr 000 0 gre d | ||
| 040 | |a GrPaTEI |b gre |c GR-PaULI | ||
| 040 | |a GrPaTEI |b gre |c GR-PaULI | ||
| 100 | 1 | |a Σακέλλης, Εμμανουήλ Ι. | |
| 245 | 1 | 0 | |a Διεθνή λογιστικά πρότυπα : |b ανάλυση και εφαρμογή σε συνδυασμό με το ελληνικό γενικό λογιστικό σχέδιο και την εμπορική νομοθεσία / |c Εμμανουήλ Σακέλλης. |
| 260 | |a Αθήνα : |b Σακέλλης, |c 2002 | ||
| 300 | |a τ.1 : |b εικ. , πιν. ; |c 24 εκ. | ||
| 650 | 4 | |a Λογιστική |x Πρότυπα | |
| 650 | 4 | |a Λογιστική |x Πρότυπα |z Ελλάς | |
| 942 | |2 ddc | ||
| 952 | |0 0 |1 0 |2 ddc |4 0 |6 657_021000000000000_ΣΑΚ |7 0 |9 279934 |a MSLG |b MSLG |c BSC |d 2021-01-17 |e 24 |f 0 |g 0.00 |l 0 |o 657.021 ΣΑΚ |p 2420000019347 |r 2021-01-17 00:00:00 |t 1 |w 2021-01-17 |y BK15 |x 20051128 0 1 |x GrPaTEI | ||
| 952 | |0 0 |1 0 |2 ddc |4 0 |6 657_021000000000000_ΣΑΚ |7 0 |9 279935 |a MSLG |b MSLG |c BSC |d 2021-01-17 |e 24 |f 0 |g 0.00 |l 0 |o 657.021 ΣΑΚ |p 2420000019348 |r 2021-01-17 00:00:00 |t 1 |w 2021-01-17 |y BK15 |x 20051128 0 1 |x GrPaTEI | ||
| 971 | |a .b25880135 |b 15-04-20 |c 14-09-16 | ||
| 999 | |c 163139 |d 163139 | ||